Santiago el verde / (Record no. 172461)
[ view plain ]
| 000 -LEADER | |
|---|---|
| campo de control de longitud fija | 01109nam a2200265 i 4500 |
| 001 - NÚMERO DE CONTROL | |
| campo de control | 172461 |
| 003 - IDENTIFICADOR DE NÚMERO DE CONTROL | |
| campo de control | ES-MaACL |
| 005 - FECHA Y HORA DE LA ÚLTIMA TRANSACCIÓN | |
| campo de control | 20240529062951.0 |
| 008 - DATOS DE LONGITUD FIJA--INFORMACIÓN GENERAL | |
| campo de control de longitud fija | 090708s1974 fr |||| | spa d |
| 020 ## - NÚMERO INTERNACIONAL ESTÁNDAR DEL LIBRO | |
| Número Internacional Estándar del Libro | 2-252-01598-5 |
| 080 ## - NÚMERO DE LA CLASIFICACIÓN DECIMAL UNIVERSAL | |
| Número de la Clasificación Decimal Universal | 821.134.2-2"16" |
| 100 1# - ENTRADA PRINCIPAL--NOMBRE DE PERSONA | |
| Nombre de persona | Vega, Lope de, |
| Fechas asociadas al nombre | 1562-1635 |
| 9 (RLIN) | 113563 |
| 245 10 - MENCIÓN DEL TÍTULO | |
| Título | Santiago el verde / |
| Mención de responsabilidad, etc. | Lope de Vega ; texte établi avec une introduction et des notes par Jean Lemartinel, Charles Minguet et Gilbert Zonana. |
| 260 ## - PUBLICACIÓN, DISTRIBUCIÓN, ETC. | |
| Lugar de publicación, distribución, etc. | Paris : |
| Nombre del editor, distribuidor, etc. | Klincksieck, |
| Fecha de publicación, distribución, etc. | 1974. |
| 300 ## - DESCRIPCIÓN FÍSICA | |
| Extensión | 198 p. ; |
| Dimensiones | 24 cm. |
| 490 1# - MENCIÓN DE SERIE | |
| Mención de serie | Publications de l'Université de Paris X Nanterre. Série A, Thèses et travaux ; |
| Designación de volumen o secuencia | 24 |
| 504 ## - NOTA DE BIBLIOGRAFÍA, ETC. | |
| Nota de bibliografía, etc. | Incluye referencias bibliográficas. |
| 546 ## - NOTA DE IDIOMA | |
| Nota de lengua/lenguaje | Texto en español, introducción y notas en francés. |
| 700 1# - ENTRADA AGREGADA--NOMBRE PERSONAL | |
| Nombre de persona | Lemartinel, Jean. |
| 9 (RLIN) | 140999 |
| 700 0# - ENTRADA AGREGADA--NOMBRE PERSONAL | |
| Nombre de persona | Minguet, Charles. |
| 9 (RLIN) | 81340 |
| 700 1# - ENTRADA AGREGADA--NOMBRE PERSONAL | |
| Nombre de persona | Zonana, Gilbert. |
| 9 (RLIN) | 141000 |
| 830 0# - PUNTO DE ACCESO ADICIONAL DE SERIE-TÍTULO UNIFORME | |
| Título uniforme | Publications de l'Université de Paris X Nanterre. Série A, Thèses et travaux ; |
| Designación de volumen o secuencia | 24 |
| 9 (RLIN) | 223329 |
| 852 ## - LOCALIZACIÓN | |
| Ubicación | ES-MaACL |
| Número de control de estantería | E-12774 |
| itemnumber | R.139222 |
| Nota libre | .- Biblioteca Jacinto Martínez Lacalle |
| Estatus retirado | Estado de pérdida | Estado de daño | No para préstamo | Biblioteca de origen | Biblioteca actual | Ubicación en estantería | Fecha de adquisición | Fuente de adquisición | Total de préstamos | Signatura topográfica completa | Código de barras | Visto por última vez | Precio de reemplazo | Tipo de ítem Koha |
|---|---|---|---|---|---|---|---|---|---|---|---|---|---|---|
| Biblioteca del Ateneo de Madrid | Biblioteca del Ateneo de Madrid | Depósito 2 | 08/07/2009 | E-12774 | 1180987 | 23/02/2023 | 23/02/2023 | Libro impreso |
